Diagnóstico da gestão estratégica das unidades gestoras / (Record no. 1581)
[ view plain ]
| 000 -LÍDER | |
|---|---|
| Campo Fixo de Controle | 00771nam a2200205 a 4500 |
| 001 - NÚMERO DE CONTROLE | |
| Campo de Controle | 1581 |
| 003 - IDENTIFICAÇÃO DO NÚMERO DE CONTROLE | |
| Campo de Controle | BR-CuiBMT |
| 005 - DATA E HORA DA ÚLTIMA ATUALIZAÇÃO | |
| Campo de Controle | 20231215235511.0 |
| 008 - DADOS FIXOS | |
| Dados Fixos | 231128s2015 mtba 000 0 por d |
| 040 ## - AGÊNCIA CATALOGADORA | |
| Código da Agência Catalogadora | BR-CuiBMT |
| Agência que transcreveu o registro | BR-CuiBMT |
| 080 ## - Nº DA CLASSIFICAÇÃO DECIMAL UNIVERSAL | |
| Nº Class. CDU | 351.94:336.148 |
| Subd. Auxiliar Comum | (047) |
| Nº edição CDU | 2007 |
| 090 ## - NÚMERO DE CHAMADA | |
| Complemento | TCE/MT |
| Nº classificação | 351.94:336.148(047) |
| Cutter | M433r |
| 110 1# - ENTRADA PRINCIPAL -- ENTIDADE | |
| Nome da entidade ou lugar | Mato Grosso. |
| Unidade subordinada | Tribunal de Contas. |
| 245 10 - TÍTULO PRINCIPAL | |
| Título principal | Diagnóstico da gestão estratégica das unidades gestoras / |
| Indicação de responsabilidade | Tribunal de Contas do Estado de Mato Grosso ; Antônio Joaquim Moraes Rodrigues Neto (Presidente). |
| 260 ## - PUBLICAÇÃO, DISTRIBUIÇÃO, ETC. | |
| Local de publicação | Cuiabá : |
| Editora | TCE-MT, |
| Data | 2015. |
| 300 ## - DESCRIÇÃO FÍSICA | |
| N. páginas ou volumes | 46 p.: |
| Ilustrações | il. |
| Dimensões | 30 cm |
| 650 ## - ASSUNTO TÓPICO | |
| Cabeçalho tópico ou nome geográfico | Tribunal de Contas |
| Subdivisão de forma | Orçamento |
| Subdivisão geográfica | Mato Grosso |
| 650 ## - ASSUNTO TÓPICO | |
| Cabeçalho tópico ou nome geográfico | Contas governamentais |
| Subdivisão geral | Relatórios e pareceres |
| Subdivisão geográfica | Mato Grosso |
| 942 ## - ELEMENTOS DE ENTRADA ADICIONAIS (KOHA) | |
| Fonte de classificação ou esquema de arquivamento | Classificação Decimal Universal |
| Tipo de item do Koha | Livros |
| Estado: removido | Estado: perdido | Fonte de classificação ou esquema de arquivamento | Estado: danificado | Indisponível para empréstimo | Localização permanente | Localização atual | Data de aquisição | Total Checkouts | Número de Chamada completo | Código de barras | Date last seen | Número do exemplar | Preço efetivo a partir de | Tipo de item (Koha) |
|---|---|---|---|---|---|---|---|---|---|---|---|---|---|---|
| Classificação Decimal Universal | Biblioteca da Escola Superior de Contas do TCE/MT | Biblioteca da Escola Superior de Contas do TCE/MT | 15/12/2023 | 351.94:336.148(047) M433r | BIBTCEMT23120640 | 15/12/2023 | Ex. 1 | 15/12/2023 | Livros |